Statistiques concernant Animaux nationaux de pays - facile

Cliquez ici pour prendre le quiz!

Statistiques générales

  • Ce quiz a été pris 124 fois
  • Le résultat moyen est 9 sur 16

Statistiques - réponses

Réponse% Correct
Australie
99%
France
99%
Chine
98%
Etats-Unis
85%
Nouvelle-Zélande
68%
Pérou
68%
Algérie
67%
Espagne
62%
Côte d'ivoire
51%
Indonésie
40%
Mexique
40%
île Maurice
34%
Italie
26%
Ecosse
20%
Corée du sud
19%
Botswana
13%

Distribution des résultats

Percentile par nombre de réponses

% des personnes avec chaque résultat

Votre développement - résultats

Vous n’avez pas pris ce quiz